Ének a szeretetről [vers] /

Elmentve itt :
Bibliográfiai részletek
Szerző: Baja Mihály
Dokumentumtípus: Cikk
Megjelent: 1938
Sorozat:Gyakorlati pedagógia 5 No. 10
Kulcsszavak:Magyar irodalom - vers
Tárgyszavak:
Online Access:http://acta.bibl.u-szeged.hu/51712
LEADER 00640nab a2200193 i 4500
001 acta51712
005 20250409113045.0
008 180507s1938 hu o 000 hun d
040 |a SZTE Egyetemi Kiadványok Repozitórium  |b hun 
041 |a hun 
100 1 |a Baja Mihály 
245 1 0 |a Ének a szeretetről   |h [elektronikus dokumentum] :  |b [vers] /  |c  Baja Mihály 
260 |c 1938 
300 |a 555 
490 0 |a Gyakorlati pedagógia  |v 5 No. 10 
650 4 |a Bölcsészettudományok 
650 4 |a Nyelvek és irodalom 
695 |a Magyar irodalom - vers 
856 4 0 |u http://acta.bibl.u-szeged.hu/51712/1/gyakorlati_1938_010_555.pdf  |z Dokumentum-elérés